000 00558nam a22002054a 4500
001 BIBLIOTECA MUNICIPAL DE BARRANCO
007 ta
008 t pe gr 00| 0 spa d
020 _a978-9974-8118-4-3
040 _aBIBLIOTECA MUNICIPAL DE BARRANCO
041 _aspa
043 _cpe
082 _2863.44
_bP72I 2008.
100 _aBruno PODESTA (autor)
245 _aIslandia /
_cBruno PODESTA (autor)
250 _a1a.ed.
260 _aMontevideo :
_bESTUARIO,
_c2008.
300 _a93 p.
_c22 cm.
942 _cBK
_e2025-08-25
_zAAOH
999 _c10966
_d10966